000 01259cam a2200361 a 4500
001 11947906
003 OSt
005 20140310181713.0
008 100011s1999 ph a b 001 0deng
010 _a 99919596
020 _a9715503225 (v. 1)
020 _a9715504523 (v. 2)
035 _a(DLC) 99919596
037 _bLibrary of Congress -- Jakarta Overseas Office
_cP320.00
040 _aDLC
_cDLC
_dDLC
042 _alcode
043 _aa-ph---
050 0 0 _aN 8354
_b.K56 2003
082 0 0 _aFIL 704.942
_aK62s 1999
100 1 _aKintanar, Thelma B.
245 1 0 _aSelf-portraits /
_cby Thelma B. Kintanar, Sylvia Mendez Ventura.
260 _aQuezon City :
_bAteneo de Manila University Press,
_cc2003.
300 _a286 p. :
_bill. (some col.) ;
_c26 cm.
504 _aIncludes bibliographical references and index.
505 0 _a[1]. Twelve Filipina artists speak -- 2. Fourteen Filipina artists speak
562 _e1
650 0 _aWomen artists
_zPhilippines
_vInterviews.
700 1 _aVentura, Sylvia Mendez.
906 _a7
_bcbc
_corigode
_d3
_encip
_f19
_gy-gencatlg
942 _2lcc
_cBK
999 _c1662
_d1662